| 000 -LEADER |
| fixed length control field |
00634pam a2200193 a 4500 |
| 020 ## - INTERNATIONAL STANDARD BOOK NUMBER |
| ISBN |
0899085741 (alk. paper) : |
| 040 ## - CATALOGING SOURCE |
| Transcribing agency |
DLC |
| 082 00 - DEWEY DECIMAL CLASSIFICATION NUMBER |
| Classification number |
363 GRE 1992 A078 Or. |
| 100 1# - MAIN ENTRY--AUTHOR NAME |
| Personal name |
Anderson, Bob, |
| 245 10 - TITLE STATEMENT |
| Title |
Pollution : |
| Remainder of title |
examining cause and effect relationships / |
| 260 ## - PUBLICATION, DISTRIBUTION, ETC. (IMPRINT) |
| Place of publication |
San Diego, CA : |
| Name of publisher |
Greenhaven Press, |
| Year of publication |
c1992. |
| 300 ## - PHYSICAL DESCRIPTION |
| Number of Pages |
36 p. : |
| Other physical details |
ill. (some col.) ; |
| Dimensions |
29 cm. |
| 520 ## - SUMMARY, ETC. |
| Summary, etc |
Presents opposing viewpoints on pollution and its effects on the atmosphere, water, and people of the planet. |
| 650 #0 - SUBJECT ADDED ENTRY--TOPICAL TERM |
| Topical Term |
Pollution |
| 650 #1 - SUBJECT ADDED ENTRY--TOPICAL TERM |
| Topical Term |
Pollution. |
| 650 #1 - SUBJECT ADDED ENTRY--TOPICAL TERM |
| Topical Term |
Critical thinking. |
| 700 1# - ADDED ENTRY--PERSONAL NAME |
| Personal name |
Buggey, JoAnne. |
| 942 ## - ADDED ENTRY ELEMENTS (KOHA) |
| Koha item type |
សៀវភៅភាសាអង់គ្លេស |
| 952 ## - LOCATION AND ITEM INFORMATION (KOHA) |
| Withdrawn status [LOCAL, KOHA] |
0 |